Statistics for European Capitals Ending in A

Click here to take the quiz!

General Stats

  • This quiz has been taken 49 times
    (27 since last reset)
  • The average score is 8 of 10

Answer Stats

Capital City % Correct
Andorra la Vella
92%
Tirana
92%
Riga
88%
Valletta
88%
Bratislava
80%
Ljubljana
80%
Pristina
76%
Sofia
76%
Vienna
76%
Podgorica
72%

Score Distribution

Percentile by Number Answered

Percent of People with Each Score

Your Score History

You have not taken this quiz since the last reset